Gerineldo (Record no. 174054)

MARC details
000 -LEADER
campo de control de longitud fija 00865namaa22001691 4500
001 - NÚMERO DE CONTROL
campo de control 174054
003 - IDENTIFICADOR DE NÚMERO DE CONTROL
campo de control ES-MaACL
005 - FECHA Y HORA DE LA ÚLTIMA TRANSACCIÓN
campo de control 20231204170725.0
008 - DATOS DE LONGITUD FIJA--INFORMACIÓN GENERAL
campo de control de longitud fija 100210s1909 sp r |||| | spa d
100 1# - ENTRADA PRINCIPAL--NOMBRE DE PERSONA
Nombre de persona Castro, Cristóbal de,
Fechas asociadas al nombre 1874-1953
9 (RLIN) 36843
245 10 - MENCIÓN DEL TÍTULO
Título Gerineldo
Resto del título : poema de amor y caballeria, representable, en cuatro jornadas compuesto, en parte, con pasajes del romancero /
Mención de responsabilidad, etc. por Cristobal de Castro y Enrique López Alarcón.
260 ## - PUBLICACIÓN, DISTRIBUCIÓN, ETC.
Lugar de publicación, distribución, etc. Madrid :
Nombre del editor, distribuidor, etc. Sociedad de Autores Españoles,
Fecha de publicación, distribución, etc. 1909 (
Fabricante Antonio Gascón)
300 ## - DESCRIPCIÓN FÍSICA
Extensión 89 p. ;
Dimensiones 19 cm.
700 0# - ENTRADA AGREGADA--NOMBRE PERSONAL
Nombre de persona López Alarcón, Enrique.
9 (RLIN) 73383
852 ## - LOCALIZACIÓN
Ubicación ES-MaACL
Número de control de estantería F-8648(6)
Nota libre .- Enc. pasta española conservando la cub. original
-- .- Enc. en un vol. facticio formando parte de la col. facticia "Teatro español moderno" v. 105
-- .- Dedicatoria manuscrita del autor
Holdings
Estatus retirado Estado de pérdida Fuente del sistema de clasificación o colocación Estado de daño No para préstamo Colección Biblioteca de origen Biblioteca actual Ubicación en estantería Fecha de adquisición Total de préstamos Signatura topográfica completa Código de barras Visto por última vez Precio de reemplazo Tipo de ítem Koha Nota pública
    Clasificación decimal universal     Libros con dedicatorias Biblioteca del Ateneo de Madrid Biblioteca del Ateneo de Madrid Sala Pecera Planta 2 10/02/2010   F-8648(6) 1182703 23/02/2023 23/02/2023 Libro impreso Dedicatoria autógrafa del autor